Stastistical power analysis with missing data/ (Record no. 19437)

MARC details
000 -LEADER
fixed length control field 00585nam a22001817a 4500
008 - FIXED-LENGTH DATA ELEMENTS--GENERAL INFORMATION
fixed length control field 220819b |||||||| |||| 00| 0 eng d
020 ## - INTERNATIONAL STANDARD BOOK NUMBER
International Standard Book Number 0805863697
050 ## - LIBRARY OF CONGRESS CALL NUMBER
Classification number HA29
Item number .D38 2010 C.1
100 ## - MAIN ENTRY--PERSONAL NAME
Personal name Davey, Adam
245 ## - TITLE STATEMENT
Title Stastistical power analysis with missing data/
Remainder of title A structural equation modeling approach
Statement of responsibility, etc. Adam davey
260 ## - PUBLICATION, DISTRIBUTION, ETC. (IMPRINT)
Place of publication, distribution, etc. New York
Name of publisher, distributor, etc. Routledge
Date of publication, distribution, etc. 2010
300 ## - PHYSICAL DESCRIPTION
Extent xii, 369p.
650 ## - SUBJECT ADDED ENTRY--TOPICAL TERM
Topical term or geographic name as entry element Social sciences
Form subdivision Statistics
650 ## - SUBJECT ADDED ENTRY--TOPICAL TERM
Topical term or geographic name as entry element Social sciences
Form subdivision stastical methods
650 ## - SUBJECT ADDED ENTRY--TOPICAL TERM
Topical term or geographic name as entry element Social sciences
Form subdivision Mathematical models
700 ## - ADDED ENTRY--PERSONAL NAME
Personal name Savla, Jyoti
942 ## - ADDED ENTRY ELEMENTS (KOHA)
Source of classification or shelving scheme Library of Congress Classification
Koha item type General Collection
Holdings
Withdrawn status Lost status Source of classification or shelving scheme Not for loan Home library Current library Date acquired Cost, normal purchase price Inventory number Total Checkouts Full call number Barcode Date last seen Copy number Price effective from Koha item type
    Library of Congress Classification   Kabarak, Main Campus Kabarak, Main Campus 19/08/2022 5366.00 1034/2022   HA29 .D38 2010 C.1 032575 02/08/2024 C.1 19/08/2022 General Collection
Designed with assistance from East African Informatics Ltd